Κοινωνική δημογραφία
Αποθηκεύτηκε σε:
| Κύριος συγγραφέας: | |
|---|---|
| Μορφή: | Βιβλίο |
| Γλώσσα: | Greek |
| Δημοσίευση: |
Αθήνα :
Gutenberg,
1986
|
| Σειρά: | Κοινωνιολογική & ανθρωπολογική βιβλιοθήκη Gutenberg
Βιβλιοθήκη κοινωνικής επιστήμης και κοινωνικής πολιτικής ; ; 15 |
| Θέματα: | |
| Ετικέτες: |
Προσθήκη ετικέτας
Δεν υπάρχουν, Καταχωρήστε ετικέτα πρώτοι!
|
MARC
| LEADER | 00000nam a2200000 i 4500 | ||
|---|---|---|---|
| 001 | 1/40189 | ||
| 008 | 950209s1986 gre d | ||
| 035 | |a 1997 |c ΓΡΑΜΜΑΤΕΙΑ ΜΥΤΙΛΗΝΗΣ |l 10041193 | ||
| 035 | |a 1992 |b 1 |c Αγορά/Χιωτάκης | ||
| 035 | |a 1992 |b 2 |c Δωρεά | ||
| 040 | |a GR-MY-UA |b gre |e aacr | ||
| 041 | 0 | |a gre | |
| 082 | 0 | |a 304.6 | |
| 100 | 1 | |a Τσαούσης, Δημήτριος Γ. |d 1931- | |
| 245 | 1 | 0 | |a Κοινωνική δημογραφία / |c Δ.Γ. Τσαούση |
| 260 | |a Αθήνα : |b Gutenberg, |c 1986 | ||
| 300 | |a 221 σ.; |c 20 εκ. | ||
| 490 | 1 | |a Κοινωνιολογική και ανθρωπολογική βιβλιοθήκη | |
| 490 | 1 | |a Βιβλιοθήκη κοινωνικής επιστήμης και κοινωνικής πολιτικής |v ; 15 | |
| 500 | |a 1η ανατύπωση 1991 | ||
| 500 | |a Ανατυπώσεις 1999, 2002 | ||
| 504 | |a Βιβλιογραφία: σ.205-207. Ευρετήριο | ||
| 650 | 0 | 0 | |a Demography. |
| 830 | 0 | |a Κοινωνιολογική & ανθρωπολογική βιβλιοθήκη Gutenberg | |
| 830 | 0 | |a Βιβλιοθήκη κοινωνικής επιστήμης και κοινωνικής πολιτικής ; |v ; 15 | |
| 852 | |a INST |b CHIOS |e 19950209 |h 304.6 ΤΣΑ |p 005200006292 |q 005200006292 |t BK |y 0 | ||
| 852 | |a INST |b LESVOS |e 19980910 |h 304.6 ΤΣΑ |p 005100001702 |q 005100001702 |t BK |y 0 | ||
| 852 | |a INST |b LESVOS |e 19980910 |h 304.6 ΤΣΑ |p 005100001703 |q 005100001703 |t BK |y 0 | ||
| 852 | |a INST |b LESVOS |e 19980910 |h 304.6 ΤΣΑ |p 005100001704 |q 005100001704 |t BK |y 0 | ||
| 852 | |a INST |b LESVOS |e 19980910 |h 304.6 ΤΣΑ |p 005100001705 |q 005100001705 |t BK |y 620 | ||
| 852 | |a INST |b LESVOS |e 19980428 |h 304.6 ΤΣΑ |p 005100014173 |q 005100014173 |t BK |y 0 | ||
| 852 | |a INST |b LESVOS |e 20060602 |h 304.6 ΤΣΑ |p 005100037539 |q 005100037539 |t BK |y 0 | ||
| 852 | |a INST |b RHODES |e 19960508 |h 304.6 ΤΣΑ |p 005400003829 |q 005400003829 |t BK |y 0 | ||
| 852 | |a INST |b RHODES |e 19960508 |h 304.6 ΤΣΑ |p 005400003833 |q 005400003833 |t BK |y 0 | ||
| 852 | |a INST |b RHODES |e 20000208 |h 304.6 ΤΣΑ |p 005400014053 |q 005400014053 |t BK |y 0 | ||
| 852 | |a INST |b SAMOS |e 19971113 |h 304.6 ΤΣΑ |p 005300008668 |q 005300008668 |t BK |y 0 | ||
| 901 | |a BIBL-1997-2 | ||
| 901 | |a BIBL-1998-2 | ||
| 901 | |a BIBL1-2006-2 | ||
| 909 | |a Σ |b 050641 | ||
| 909 | |a Λ |b 019332 | ||
| 909 | |a Λ |b 019333 | ||
| 909 | |a Λ |b 023590 | ||
| 909 | |a Ρ |b 023589 |c 1992 | ||
| 909 | |a Ρ |b 022531 |c 1992 | ||
| 909 | |a Ρ |b 073564 |c 2000 | ||
| 909 | |a Χ |b 002800 | ||
| 909 | |a Λ |b 055221 | ||
| 909 | |a Λ |b 019334 | ||
| 909 | |a Λ |b 128581 | ||
| 922 | |a 4ΔΩΡ |b 200002 |c ΔΩΡΕΑ | ||
| 922 | |a 1ΕΛΗ |b 199803 |c ΚΠΣ/ΤΚ |d EMVASIS | ||
| 950 | |a 103-1998-02-03 | ||